| 000 | 01100nam a22003017a 4500 | ||
|---|---|---|---|
| 001 | 6584 | ||
| 003 | FISKH | ||
| 005 | 20250709095618.0 | ||
| 008 | 250512b cb ||||| |||| 00| 0 eng d | ||
| 020 | _a9789814281232 | ||
| 040 |
_aFISKH _beng _cFISKH _dFISKH |
||
| 050 | _aPZ7 | ||
| 082 | _a428.6 | ||
| 100 | _aSmith, Annette | ||
| 245 |
_aTown mouse and country mouse / _cRetold by Annette Smith ; Illustrated by Betty Greenhatch |
||
| 250 | _aThis edition first published in 1998 | ||
| 260 |
_aMelbourne : _bNelson, _c1998 |
||
| 300 |
_a32 pages : _bcolor illustrations ; _c22 cm |
||
| 505 | _aJ | ||
| 520 | _aRetells Aesop's fable of the town mouse and the country mouse, who each prefer very different ways of life. Also contains a simple play based on the tale intended to be read aloud or performed by children. Suggested level: junior, primary. | ||
| 521 | 8 |
_a450
_bLexile |
|
| 521 | 8 |
_aJ
_bRaz-Plus |
|
| 650 |
_2 English fiction _a Class Set |
||
| 650 |
_2Readers theater _aElementary |
||
| 700 |
_aGreenhatch, Betty _dillustrator |
||
| 942 |
_2ddc _cBK _n0 |
||
| 999 |
_c6584 _d6584 |
||